Englisch Test Unit 11-12 - Statistiken

Allgemein
  • Dieses Quiz wurde 17 mal gespielt
  • Das Durchschnittsergebnis liegt bei 7 aus 46
Antwortstatistiken
Hint Antwort % Korrekt
The largest, most important bedroom master/main bedroom
67%
A large house with big gardens or a rented house in a holiday resort/tourist area villa
58%
A house with only one storey (no upstairs) bungalow
50%
Space in the roof of a house used for storing things; it can also be converted into an extra living space with stairs leading up to it (attic/loft conversion) attic/loft
42%
Room below ground level, with windows, for living/working basement
42%
Room below ground level, no windows, used for storing things cellar
42%
He kicked the football too hard and it _____ a window. smashed
42%
A small house in the country or in a village cottage
33%
A small building separated from the house usually for storing garden tools shed
33%
A room in which a painter or photographer works studio
33%
A short road leading from the street to the house or garage; you can drive/park on it drive
25%
Terraye or patio: paved area between house and garden for sitting and eating etc. terrace or patio
25%
Dark area on your skin where you have hurt yourself bruise
17%
I _____ my head against the cupboard door. bumped/banged
17%
Open area as you come into a house hall/hallway
17%
The batteries in this torch have _____ _____. I'll have to get some more. run out/are dead
17%
Joined to one other house semi-detached house
17%
I hope it doesn't leave a _____. stain
17%
She _____ her ankle coming down the stairs twisted
17%
The lights aren't _____ - working
17%
The washing machine _____ _____the other day. broke down
8%
The door handle's _____ _____. come off/fallen off
8%
Not joined to any other house detached house
8%
I'm sorry, the biscuits were at the bottom of my bag and they _____ _____ by the potatoes. got crushed
8%
Covered area bevor an entrance door porch
8%
If you _____ you almost fall down because you hit your foot against something. trip
8%
Usually just for the washing machine, freezer, etc. utility room
8%
The sink is _____. blocked
0%
I'm sorry, your cup's _____. Let me get you another one. chipped
0%
This pot is _____. cracked
0%
My computer keeps _____ today! crashing
0%
I'm afraid I've _____ your car. I'm really sorry. I'll pay for the repairs dented
0%
Perhaps the battery's _____. flat
0%
If you _____ something, it becomes red with brocken skin, but not blood. graze
0%
Flat area at the top of a staircase landing
0%
This pipe's _____. leaking
0%
I've _____ _____ _____. Can I use your phone to ring my wife? locked myself out
0%
I've _____ my memory stick. Have you seen it anywhere? mislaid
0%
there's been a _____-_____. power-cut
0%
Does not share facilities with any other self-contained flat
0%
The kitchen clock's _____. What time d'you make it
slow/fast/stopped
0%
She _____ some coffee on the carpet.- split
0%
My mouse has _____ _____; it could be a software problem. stopped working
0%
A small apartment for one or two people, usually with one large room for sleeping and living in , a bathroom and sometimes separate kitchen studio flat
0%
Joined to several other houses to form a row terraced house
0%
The car _____ _____. I hope it's nothing serious. - won't start
0%
Keine übereinstimmenden Quizze gefunden
Verteilung der Resultate
Anzahl Personen mit jedem Resultat
Perzentil nach korrekt beantworteten Fragen
Ihre Resultats-Entwicklung
Sie haben dieses Quiz noch nicht gespielt